[Event "Moscow Dokhoian Memorial Blitz"]
[Site "Moscow"]
[Date "2023.12.09"]
[Round "2"]
[White "Kleymenova, Valeria"]
[Black "Galliamova, Alisa"]
[Result "1/2-1/2"]
[WhiteElo "2182"]
[BlackElo "2410"]
[PlyCount "68"]
[EventDate "2023.12.09"]
[EventType "tourn (blitz)"]
[EventRounds "11"]
[EventCountry "RUS"]
[EventCategory "5"]
[SourceTitle "CB50_2023"]
[SourceDate "2023.12.13"]
[SourceVersion "1"]
[SourceVersionDate "2023.12.13"]
[SourceQuality "1"]

1. d4 d5 2. c4 c6 3. Nf3 Nf6 4. g3 dxc4 5. Bg2 e6 6. 0-0 b5 7. Ne5 Bb7 8. a4 Qc8 9. b3 cxb3 10. Qxb3 b4 11. a5 c5 12. Qa4+ Nbd7 13. dxc5 Bxg2 14. Kxg2 Qxc5 15. Bb2 Bd6 16. Nxd7 Nxd7 17. Bxg7 Rg8 18. Bb2 Qd5+ 19. Kg1 Ke7 20. Rd1 Qc5 21. Bd4 Qc7 22. Kg2 Rac8 23. Nd2 a6 24. Rac1 Qxc1 25. Rxc1 Rxc1 26. Ne4 Rb8 27. Qb3 Bc7 28. Be3 Rc6 29. Bg5+ Ke8 30. Qf3 Rc4 31. Qd3 Rc6 32. Qf3 Rc4 33. Qd3 Rc6 34. Qf3 Rc4 1/2-1/2

[Event "Moscow Dokhoian Memorial Blitz"]
[Site "Moscow"]
[Date "2023.12.09"]
[Round "11"]
[White "Kleymenova, Valeria"]
[Black "Garifullina, Leya"]
[Result "0-1"]
[WhiteElo "2182"]
[BlackElo "2423"]
[PlyCount "100"]
[EventDate "2023.12.09"]
[EventType "tourn (blitz)"]
[EventRounds "11"]
[EventCountry "RUS"]
[EventCategory "5"]
[SourceTitle "CB50_2023"]
[SourceDate "2023.12.13"]
[SourceVersion "1"]
[SourceVersionDate "2023.12.13"]
[SourceQuality "1"]

1. d4 Nf6 2. c4 e6 3. g3 d5 4. Bg2 Be7 5. Nf3 0-0 6. 0-0 dxc4 7. Qa4 a6 8. Qxc4 b5 9. Qc2 Bb7 10. Bd2 Be4 11. Qb3 c5 12. dxc5 Nbd7 13. Nc3 Nxc5 14. Qd1 Bb7 15. a3 Rc8 16. Be3 Nd5 17. Bxc5 Rxc5 18. Ne4 Rc8 19. Ne5 Qc7 20. Nd3 Qb6 21. Qd2 Rcd8 22. Rac1 b4 23. Nec5 Bxc5 24. Nxc5 Nc3 25. Qe3 Bxg2 26. Kxg2 Nd5 27. Qf3 bxa3 28. bxa3 Qb5 29. Qe4 Rc8 30. Nd3 Nc3 31. Qf3 Qa5 32. Nf4 Qe5 33. Rfe1 Nb5 34. a4 Rxc1 35. Rxc1 Nd4 36. Qd3 Nf5 37. e4 Nd6 38. Re1 h6 39. Nh3 Rb8 40. Re2 a5 41. f4 Qc5 42. Rc2 Qb4 43. Nf2 Qxa4 44. Rc7 Qb4 45. e5 Nb5 46. Rd7 Nc3 47. Ng4 Nd5 48. Ne3 Qb2+ 49. Kf3 Qb3 50. Qxb3 Rxb3 0-1

[Event "RUS-chT Rapid (Women)"]
[Site "Sochi"]
[Date "2023.10.19"]
[Round "9.6"]
[White "Kovanova, Baira"]
[Black "Kleymenova, Valeria"]
[Result "1/2-1/2"]
[WhiteElo "2306"]
[BlackElo "2182"]
[PlyCount "88"]
[EventDate "2023.10.18"]
[EventType "team-swiss (rapid)"]
[EventRounds "9"]
[EventCountry "RUS"]
[SourceTitle "Mega2024 Update 01"]
[Source "Chessbase"]
[SourceDate "2023.11.12"]
[SourceVersion "1"]
[SourceVersionDate "2023.11.12"]
[SourceQuality "1"]
[WhiteTeam "Rostov Nastavnik (W)"]
[BlackTeam "Novosibirsk Region (W)"]
[WhiteTeamCountry "RUS"]
[BlackTeamCountry "RUS"]

1. e4 c5 2. Nf3 d6 3. d4 cxd4 4. Nxd4 Nf6 5. Nc3 a6 6. Be2 e6 7. 0-0 Be7 8. Kh1 Nc6 9. Nxc6 bxc6 10. f4 d5 11. e5 Nd7 12. Bd3 c5 13. b3 g6 14. Ne2 Bb7 15. c4 Nb6 16. Ng3 h5 17. cxd5 exd5 18. e6 h4 19. exf7+ Kf8 20. Bb2 Bf6 21. Re1 Bc6 22. Bxg6 hxg3 23. h3 Bxb2 24. Re8+ Bxe8 25. fxe8Q+ Qxe8 26. Bxe8 Bxa1 27. Bg6 Bf6 28. Qg4 Ra7 29. Qxg3 Re7 30. Qd3 c4 31. bxc4 Nxc4 32. Qxd5 Ne3 33. Qf3 Kg7 34. Be4 Rhe8 35. Qg3+ Kf8 36. Qg6 Bg7 37. Bd3 Re6 38. Qh5 Rd8 39. Qc5+ Re7 40. Bxa6 Nd5 41. Bc4 Nf6 42. a4 Bh6 43. Qf5 Bg7 44. Qc5 Bh6 1/2-1/2

[Event "RUS-chT Rapid (Women)"]
[Site "Sochi"]
[Date "2023.10.18"]
[Round "2.10"]
[White "Kleymenova, Valeria"]
[Black "Tarasenka, Aliaksandra"]
[Result "0-1"]
[WhiteElo "2182"]
[BlackElo "2077"]
[PlyCount "62"]
[EventDate "2023.10.18"]
[EventType "team-swiss (rapid)"]
[EventRounds "9"]
[EventCountry "RUS"]
[SourceTitle "Mega2024 Update 01"]
[Source "Chessbase"]
[SourceDate "2023.11.12"]
[SourceVersion "1"]
[SourceVersionDate "2023.11.12"]
[SourceQuality "1"]
[WhiteTeam "Novosibirsk Region (W)"]
[BlackTeam "Belarus (W)"]
[WhiteTeamCountry "RUS"]
[BlackTeamCountry "BLR"]

1. d4 Nf6 2. c4 e6 3. g3 d5 4. Bg2 Be7 5. Nf3 0-0 6. 0-0 dxc4 7. Qa4 a6 8. Qxc4 b5 9. Qc2 Bb7 10. Bd2 Be4 11. Qc1 Nc6 12. Nc3 Bxf3 13. Bxf3 Nxd4 14. Bxa8 Qxa8 15. Be3 e5 16. Bxd4 exd4 17. Nb1 Bd6 18. Nd2 Re8 19. Nb3 Qd5 20. Qc2 c5 21. Rad1 Qh5 22. f3 Nd5 23. Qd2 Ne3 24. Rf2 Nxd1 25. Qxd1 Qe5 26. Kf1 Qe3 27. Qd2 c4 28. Qxd4 cxb3 29. Qxd6 Qc1+ 30. Kg2 bxa2 31. Qd7 Rf8 0-1

[Event "RUS-chT Blitz (Women)"]
[Site "Sochi"]
[Date "2023.10.17"]
[Round "10.17"]
[White "Kramarenko, Elena"]
[Black "Kleymenova, Valeria"]
[Result "0-1"]
[WhiteElo "1671"]
[BlackElo "2182"]
[PlyCount "98"]
[EventDate "2023.10.17"]
[EventType "team-tourn (blitz)"]
[EventRounds "13"]
[EventCountry "RUS"]
[SourceTitle "Mega2024 Update 01"]
[Source "Chessbase"]
[SourceDate "2023.11.12"]
[SourceVersion "1"]
[SourceVersionDate "2023.11.12"]
[SourceQuality "1"]
[WhiteTeam "Krasnodar Etyud Saavedry (W)"]
[BlackTeam "Novosibirsk Region (W)"]
[WhiteTeamCountry "RUS"]
[BlackTeamCountry "RUS"]

1. e4 c5 2. Nf3 d6 3. d3 Nc6 4. g3 g6 5. Bg2 Bg7 6. 0-0 Nf6 7. Nbd2 0-0 8. h4 Rb8 9. Re1 b5 10. Nf1 Bb7 11. Bg5 Nd7 12. c3 b4 13. Qd2 bxc3 14. bxc3 Nde5 15. Bh6 Nxf3+ 16. Bxf3 Ne5 17. Be2 d5 18. Bxg7 Kxg7 19. d4 Nc6 20. e5 cxd4 21. cxd4 f6 22. exf6+ Rxf6 23. Ne3 h5 24. Ng2 Qd6 25. Nf4 Re8 26. Bf3 e5 27. dxe5 Nxe5 28. Bg2 Ba8 29. Rac1 Rd8 30. Qd4 Nc6 31. Ne6+ Qxe6 32. Rxe6 Nxd4 33. Re7+ Rf7 34. Rcc7 Rxe7 35. Rxe7+ Kf6 36. Rxa7 Nf5 37. Ra6+ Kg7 38. Ra7+ Kh6 39. Kf1 Bc6 40. Rc7 Bb5+ 41. Ke1 Re8+ 42. Kd1 d4 43. Rc5 Ba4+ 44. Kd2 Rb8 45. Be4 Rb2+ 46. Kc1 Rxf2 47. Ra5 Bd7 48. Rd5 Bc6 49. Rxd4 Nxd4 0-1

[Event "RUS-ch Rapid (Women)"]
[Site "Sochi"]
[Date "2023.10.16"]
[Round "8"]
[White "Afonasieva, Anna"]
[Black "Kleymenova, Valeria"]
[Result "1-0"]
[WhiteElo "2132"]
[BlackElo "2182"]
[PlyCount "77"]
[EventDate "2023.10.15"]
[EventType "swiss (rapid)"]
[EventRounds "11"]
[EventCountry "RUS"]
[SourceTitle "Mega2024 Update 01"]
[Source "Chessbase"]
[SourceDate "2023.11.12"]
[SourceVersion "1"]
[SourceVersionDate "2023.11.12"]
[SourceQuality "1"]

1. d4 d5 2. Bf4 Nf6 3. e3 c5 4. c3 Nc6 5. Nd2 Bf5 6. Qb3 Qc8 7. dxc5 e6 8. Qa3 e5 9. Bg3 Nd7 10. b4 b6 11. Qa4 a6 12. cxb6 Nxb6 13. Qb3 Bd6 14. a4 Be6 15. Qb2 0-0 16. Ngf3 Qc7 17. Be2 a5 18. b5 Nd8 19. 0-0 Nb7 20. Nb3 Rac8 21. Rfc1 Rfe8 22. Nfd2 f6 23. e4 Nc4 24. Nxc4 dxc4 25. Nd2 Qb6 26. Kh1 Red8 27. Qa2 Qc7 28. Nf1 Kh8 29. Ne3 Be7 30. Rd1 h6 31. f3 Rxd1+ 32. Rxd1 Kh7 33. h3 h5 34. Nd5 Qc5 35. Nxe7 Qxe7 36. Bf2 Nc5 37. Qa3 Qa7 38. Rd6 Bf7 39. Rc6 1-0

[Event "RUS-ch Rapid (Women)"]
[Site "Sochi"]
[Date "2023.10.16"]
[Round "6"]
[White "Gvanceladze, Anna"]
[Black "Kleymenova, Valeria"]
[Result "1/2-1/2"]
[WhiteElo "2077"]
[BlackElo "2182"]
[PlyCount "95"]
[EventDate "2023.10.15"]
[EventType "swiss (rapid)"]
[EventRounds "11"]
[EventCountry "RUS"]
[SourceTitle "Mega2024 Update 01"]
[Source "Chessbase"]
[SourceDate "2023.11.12"]
[SourceVersion "1"]
[SourceVersionDate "2023.11.12"]
[SourceQuality "1"]

1. d4 d5 2. Nf3 Nf6 3. c4 e6 4. cxd5 exd5 5. Nc3 c6 6. Bg5 Be7 7. Qc2 g6 8. e3 Bf5 9. Bd3 Bxd3 10. Qxd3 Nbd7 11. 0-0 0-0 12. Rab1 a5 13. a3 Re8 14. Qc2 Kg7 15. Rfe1 Ne4 16. Bxe7 Qxe7 17. Nxe4 Qxe4 18. Qc3 Nb6 19. Nd2 Qe7 20. b4 axb4 21. axb4 Na4 22. Qc2 Rec8 23. e4 dxe4 24. Rxe4 Qf6 25. Nf3 Nb6 26. Qb3 Nd5 27. b5 Qd6 28. bxc6 bxc6 29. Qc2 Rcb8 30. Ree1 Rxb1 31. Rxb1 Rb8 32. Rc1 Nb4 33. Qd2 Rd8 34. Qe3 Nd5 35. Qe5+ Qxe5 36. dxe5 Nf4 37. Kf1 c5 38. g3 Ne6 39. Ke2 Ra8 40. Rc3 Ra2+ 41. Ke3 Nd4 42. Nd2 Ne6 43. f4 Ra1 44. Ne4 Ra5 45. g4 h5 46. gxh5 gxh5 47. f5 Nd4 48. Rxc5 1/2-1/2

[Event "RUS-ch Rapid (Women)"]
[Site "Sochi"]
[Date "2023.10.16"]
[Round "10"]
[White "Kleymenova, Valeria"]
[Black "Potapova, Margarita"]
[Result "1-0"]
[WhiteElo "2182"]
[BlackElo "2155"]
[PlyCount "43"]
[EventDate "2023.10.15"]
[EventType "swiss (rapid)"]
[EventRounds "11"]
[EventCountry "RUS"]
[SourceTitle "Mega2024 Update 01"]
[Source "Chessbase"]
[SourceDate "2023.11.12"]
[SourceVersion "1"]
[SourceVersionDate "2023.11.12"]
[SourceQuality "1"]

1. d4 Nf6 2. c4 e6 3. g3 d5 4. Bg2 dxc4 5. Qa4+ Nbd7 6. Qxc4 a6 7. Qb3 c5 8. Nf3 Ra7 9. 0-0 b5 10. a4 b4 11. dxc5 Bxc5 12. Be3 Bxe3 13. Qxe3 Qb6 14. Nd4 Rc7 15. Nd2 0-0 16. Rac1 Rxc1 17. Rxc1 Ng4 18. Qf4 Ndf6 19. Nc4 Qa7 20. Nc6 Qc5 21. N4e5 Qd6 22. Nxg4 1-0

[Event "RUS-ch Rapid (Women)"]
[Site "Sochi"]
[Date "2023.10.15"]
[Round "5"]
[White "Kleymenova, Valeria"]
[Black "Bodnaruk, Anastasia"]
[Result "0-1"]
[WhiteElo "2182"]
[BlackElo "2340"]
[PlyCount "70"]
[EventDate "2023.10.15"]
[EventType "swiss (rapid)"]
[EventRounds "11"]
[EventCountry "RUS"]
[SourceTitle "Mega2024 Update 01"]
[Source "Chessbase"]
[SourceDate "2023.11.12"]
[SourceVersion "1"]
[SourceVersionDate "2023.11.12"]
[SourceQuality "1"]

1. d4 Nf6 2. c4 g6 3. g3 Bg7 4. Bg2 0-0 5. Nc3 d6 6. Nf3 Nc6 7. 0-0 a6 8. Bf4 Rb8 9. Rc1 h6 10. h3 g5 11. Be3 g4 12. hxg4 Nxg4 13. Qd2 Nxe3 14. Qxe3 e6 15. Rfd1 Ne7 16. Qd3 f5 17. e4 Bd7 18. e5 Ng6 19. Ne2 dxe5 20. Nxe5 Be8 21. Nxg6 Bxg6 22. Nf4 Bf7 23. d5 e5 24. Ne6 Bxe6 25. dxe6 Qf6 26. Qd7 Rbe8 27. Bxb7 f4 28. Qd2 Kh8 29. Bd5 Qg6 30. Qd3 Qg5 31. Kg2 Rf6 32. Rh1 e4 33. Bxe4 Rfxe6 34. Bd5 Re2 35. Bf3 Qxg3+ 0-1

[Event "RUS-ch Rapid (Women)"]
[Site "Sochi"]
[Date "2023.10.15"]
[Round "2"]
[White "Kleymenova, Valeria"]
[Black "Vasilevich, Tatjana"]
[Result "1/2-1/2"]
[WhiteElo "2182"]
[BlackElo "2302"]
[PlyCount "43"]
[EventDate "2023.10.15"]
[EventType "swiss (rapid)"]
[EventRounds "11"]
[EventCountry "RUS"]
[SourceTitle "Mega2024 Update 01"]
[Source "Chessbase"]
[SourceDate "2023.11.12"]
[SourceVersion "1"]
[SourceVersionDate "2023.11.12"]
[SourceQuality "1"]

1. d4 Nf6 2. c4 c5 3. d5 b5 4. cxb5 a6 5. bxa6 Bxa6 6. Nc3 d6 7. e4 Bxf1 8. Kxf1 g6 9. g3 Bg7 10. Kg2 Nbd7 11. Nf3 0-0 12. a4 Ra6 13. Qc2 Qa8 14. Nb5 Rc8 15. Ra3 e6 16. dxe6 fxe6 17. Re1 d5 18. exd5 exd5 19. Bf4 Qc6 20. Nd6 Rca8 21. Qe2 h6 22. Qe6+ 1/2-1/2

[Event "RUS-ch Blitz (Women)"]
[Site "Sochi"]
[Date "2023.10.14"]
[Round "3"]
[White "Afonasieva, Anna"]
[Black "Kleymenova, Valeria"]
[Result "0-1"]
[WhiteElo "2132"]
[BlackElo "2182"]
[PlyCount "68"]
[EventDate "2023.10.14"]
[EventType "swiss (blitz)"]
[EventRounds "13"]
[EventCountry "RUS"]
[SourceTitle "Mega2024 Update 01"]
[Source "Chessbase"]
[SourceDate "2023.11.12"]
[SourceVersion "1"]
[SourceVersionDate "2023.11.12"]
[SourceQuality "1"]

1. d4 d5 2. Nf3 Nf6 3. g3 Bf5 4. Bg2 e6 5. 0-0 h6 6. c4 c6 7. Nc3 Nbd7 8. b3 Bd6 9. Bb2 0-0 10. Nd2 Qe7 11. e4 dxe4 12. Ndxe4 Ba3 13. Bxa3 Qxa3 14. Qe2 Rad8 15. c5 Nxe4 16. Nxe4 Bxe4 17. Qxe4 Nf6 18. Qe3 Rd7 19. f4 Rfd8 20. f5 exf5 21. Rad1 Qb4 22. Rxf5 Rxd4 23. Rdf1 Rd1 24. h3 Rxf1+ 25. Rxf1 Qd4 26. Re1 Kf8 27. Kh2 Qxe3 28. Rxe3 Rd2 29. a3 Nd5 30. Rf3 a5 31. g4 Rc2 32. Kg1 Rxc5 33. Kf1 Rc3 34. Rf5 Ne3+ 0-1

[Event "RUS-ch Blitz (Women)"]
[Site "Sochi"]
[Date "2023.10.14"]
[Round "2"]
[White "Kleymenova, Valeria"]
[Black "Danilova, Rada"]
[Result "1-0"]
[WhiteElo "2182"]
[BlackElo "1882"]
[PlyCount "77"]
[EventDate "2023.10.14"]
[EventType "swiss (blitz)"]
[EventRounds "13"]
[EventCountry "RUS"]
[SourceTitle "Mega2024 Update 01"]
[Source "Chessbase"]
[SourceDate "2023.11.12"]
[SourceVersion "1"]
[SourceVersionDate "2023.11.12"]
[SourceQuality "1"]

1. d4 Nf6 2. c4 e6 3. g3 Bb4+ 4. Bd2 Qe7 5. Bg2 Nc6 6. Nf3 Bxd2+ 7. Qxd2 Ne4 8. Qc2 Qb4+ 9. Kf1 f5 10. e3 0-0 11. Nbd2 Nxd2+ 12. Nxd2 Qe7 13. Ke2 d6 14. Rhe1 e5 15. d5 Nb4 16. Qc3 a5 17. a3 Na6 18. b4 f4 19. exf4 exf4+ 20. Kf1 Qf7 21. Nf3 fxg3 22. hxg3 Bg4 23. Re3 Nb8 24. Rae1 axb4 25. Qxb4 Na6 26. Qc3 Nc5 27. Qd4 Ra4 28. Qxg4 b5 29. Qf4 Qg6 30. Nh4 Qh5 31. Qd4 Rxc4 32. Qd2 h6 33. Bf3 Qf7 34. Kg2 Ra4 35. Qe2 Qf6 36. Re8 Rxe8 37. Qxe8+ Kh7 38. Bh5 Rxa3 39. Bg6+ 1-0

[Event "RUS-ch Blitz (Women)"]
[Site "Sochi"]
[Date "2023.10.14"]
[Round "6"]
[White "Kleymenova, Valeria"]
[Black "Lysenko, Margarita"]
[Result "1-0"]
[WhiteElo "2182"]
[BlackElo "2264"]
[PlyCount "137"]
[EventDate "2023.10.14"]
[EventType "swiss (blitz)"]
[EventRounds "13"]
[EventCountry "RUS"]
[SourceTitle "Mega2024 Update 01"]
[Source "Chessbase"]
[SourceDate "2023.11.12"]
[SourceVersion "1"]
[SourceVersionDate "2023.11.12"]
[SourceQuality "1"]

1. d4 d5 2. c4 e6 3. Nf3 Nf6 4. g3 dxc4 5. Bg2 Bb4+ 6. Nbd2 b5 7. a3 Be7 8. a4 c6 9. 0-0 0-0 10. Qc2 Bb7 11. b3 cxb3 12. Nxb3 Nbd7 13. Bd2 Rc8 14. Qd3 a6 15. Rfc1 bxa4 16. Na5 Ba8 17. Rxa4 c5 18. Raa1 cxd4 19. Qxd4 Nc5 20. Qxd8 Rfxd8 21. Bb4 Bf8 22. Ne5 Bxg2 23. Kxg2 Nd5 24. Ba3 Ne4 25. Bxf8 Rxf8 26. Nec6 Rfe8 27. f3 Nec3 28. Kf2 Nb5 29. e4 Ndc3 30. Rc2 Kf8 31. Rac1 f5 32. Rxc3 Nxc3 33. Rxc3 fxe4 34. fxe4 g6 35. Ke3 Kg7 36. Rb3 Rc7 37. Rb6 Rec8 38. Rxa6 Rf7 39. Rb6 Rf1 40. Ke2 Rh1 41. Rb7+ Kh6 42. h4 Rf8 43. Ne5 Rh2+ 44. Ke3 Rh1 45. Ng4+ Kh5 46. Nf2 Re1+ 47. Kd2 Rxf2+ 48. Kxe1 Ra2 49. Nc4 Kg4 50. Rb3 Ra4 51. Ne5+ Kh5 52. Re3 g5 53. hxg5 Kxg5 54. Kf2 h5 55. Nf3+ Kg4 56. Nh2+ Kg5 57. Nf3+ Kg4 58. Re2 Ra3 59. Ne5+ Kh3 60. Re1 Ra2+ 61. Kf3 Ra3+ 62. Kf4 Kg2 63. Re2+ Kh3 64. Nf3 e5+ 65. Nxe5 Rxg3 66. Re3 h4 67. Rxg3+ hxg3 68. Nf3 g2 69. e5 1-0

[Event "RUS-ch Blitz (Women)"]
[Site "Sochi"]
[Date "2023.10.14"]
[Round "11"]
[White "Kleymenova, Valeria"]
[Black "Petrova, Elizaveta"]
[Result "1-0"]
[WhiteElo "2182"]
[BlackElo "1857"]
[PlyCount "91"]
[EventDate "2023.10.14"]
[EventType "swiss (blitz)"]
[EventRounds "13"]
[EventCountry "RUS"]
[SourceTitle "Mega2024 Update 01"]
[Source "Chessbase"]
[SourceDate "2023.11.12"]
[SourceVersion "1"]
[SourceVersionDate "2023.11.12"]
[SourceQuality "1"]

1. d4 Nf6 2. c4 e6 3. g3 Bb4+ 4. Bd2 Qe7 5. Bg2 0-0 6. e3 Bxd2+ 7. Qxd2 d6 8. Nc3 e5 9. Nge2 Nc6 10. 0-0 Bf5 11. d5 Nb8 12. e4 Bg4 13. Nc1 a5 14. Nd3 Na6 15. Rae1 b6 16. a3 Nc5 17. f4 Nxd3 18. Qxd3 Bd7 19. Ra1 a4 20. Rae1 Rfb8 21. Rc1 Qe8 22. Rfe1 Ra7 23. Bf1 Qe7 24. Qf3 Bg4 25. Qf2 Bc8 26. Qc2 exf4 27. gxf4 Nh5 28. Qf2 Qf6 29. e5 Qg6+ 30. Kh1 Bf5 31. Bg2 dxe5 32. fxe5 Re8 33. Nb5 Ra5 34. Nxc7 Rf8 35. Nb5 Qh6 36. Nd4 Bg4 37. Kg1 Nf4 38. Rcd1 Bxd1 39. Rxd1 Qg5 40. Kh1 Qxe5 41. Re1 Qf6 42. Nc6 Nd3 43. Qxf6 gxf6 44. Re3 Nf2+ 45. Kg1 Ng4 46. Rg3 1-0

[Event "RUS-ch Blitz (Women)"]
[Site "Sochi"]
[Date "2023.10.14"]
[Round "10"]
[White "Vasilevich, Tatjana"]
[Black "Kleymenova, Valeria"]
[Result "1-0"]
[WhiteElo "2302"]
[BlackElo "2182"]
[PlyCount "61"]
[EventDate "2023.10.14"]
[EventType "swiss (blitz)"]
[EventRounds "13"]
[EventCountry "RUS"]
[SourceTitle "Mega2024 Update 01"]
[Source "Chessbase"]
[SourceDate "2023.11.12"]
[SourceVersion "1"]
[SourceVersionDate "2023.11.12"]
[SourceQuality "1"]

1. d4 d5 2. c4 e6 3. Nc3 c6 4. Nf3 Nf6 5. Bg5 Be7 6. e3 Nbd7 7. Qc2 0-0 8. a3 a6 9. Rd1 Re8 10. Bd3 dxc4 11. Bxc4 b5 12. Ba2 Bb7 13. 0-0 Qb6 14. Bb1 g6 15. e4 c5 16. d5 exd5 17. Nxd5 Nxd5 18. exd5 Qd6 19. Bh6 Bf6 20. Ng5 Ne5 21. Ne4 Qd8 22. Qxc5 Ng4 23. Bf4 Rc8 24. Qd6 Be5 25. Bxe5 Nxe5 26. Nf6+ Kg7 27. Nxe8+ Qxe8 28. Rfe1 f6 29. f4 Rd8 30. Qc7+ Rd7 31. Qc3 1-0

[Event "RUS-ch U20 Girls"]
[Site "Moscow"]
[Date "2023.04.27"]
[Round "9"]
[White "Kleymenova, Valeria"]
[Black "Zhapova, Yana"]
[Result "1/2-1/2"]
[WhiteElo "2057"]
[BlackElo "2191"]
[PlyCount "48"]
[EventDate "2023.04.19"]
[EventType "tourn"]
[EventRounds "9"]
[EventCountry "RUS"]
[SourceTitle "CBM 213 Extra"]
[Source "ChessBase"]
[SourceDate "2023.05.31"]
[SourceVersion "1"]
[SourceVersionDate "2023.05.31"]
[SourceQuality "1"]

1. d4 Nf6 2. c4 e6 3. g3 d5 4. Bg2 dxc4 5. Qa4+ Nbd7 6. Qxc4 c5 7. Nf3 a6 8. Qb3 cxd4 9. Nxd4 Nc5 10. Qe3 Be7 11. Nc3 0-0 12. 0-0 Qc7 13. b3 Rd8 14. h3 Bd7 15. Bb2 e5 16. Nf3 Bd6 17. Rac1 Bc6 18. Rfd1 Ncd7 19. Na4 Qb8 20. Qd2 Be7 21. Qa5 Bd6 22. Qd2 Be7 23. Qc2 Bd6 24. Qd2 Be7 1/2-1/2

[Event "RUS-ch U20 Girls"]
[Site "Moscow"]
[Date "2023.04.25"]
[Round "7"]
[White "Kleymenova, Valeria"]
[Black "Loskutova, Viktoriya"]
[Result "1/2-1/2"]
[WhiteElo "2057"]
[BlackElo "2151"]
[PlyCount "80"]
[EventDate "2023.04.19"]
[EventType "tourn"]
[EventRounds "9"]
[EventCountry "RUS"]
[SourceTitle "CBM 213 Extra"]
[Source "ChessBase"]
[SourceDate "2023.05.31"]
[SourceVersion "1"]
[SourceVersionDate "2023.05.31"]
[SourceQuality "1"]

1. d4 Nf6 2. c4 e6 3. g3 d5 4. Bg2 Bb4+ 5. Bd2 a5 6. Nf3 0-0 7. Qc2 Be7 8. 0-0 c6 9. b3 b6 10. Bc3 Ba6 11. Nbd2 c5 12. Ne5 Bb7 13. Rfd1 Qc7 14. dxc5 Bxc5 15. cxd5 Nxd5 16. Bxd5 Bxd5 17. Bd4 Rc8 18. Bxc5 Qxe5 19. Bd4 Rxc2 20. Bxe5 Nd7 21. Bd4 e5 22. Be3 Be6 23. Nc4 a4 24. Nxb6 Nxb6 25. Bxb6 axb3 26. axb3 Rxa1 27. Rxa1 Kf8 28. e4 Bxb3 29. Kg2 Rc6 30. Be3 Rc7 31. Ra8+ Ke7 32. Ra7 Rxa7 33. Bxa7 Bc2 34. Kf3 Ke6 35. Ke3 f5 36. exf5+ Bxf5 37. Bb8 Kd5 38. h4 Ke6 39. Bc7 h5 40. Bb8 g6 1/2-1/2

[Event "Cheliabinsk Lozovatsky Memorial-B"]
[Site "Cheliabinsk"]
[Date "2023.02.01"]
[Round "6"]
[White "Smirnova, Ekaterina"]
[Black "Kleymenova, Valeria"]
[Result "1/2-1/2"]
[WhiteElo "2188"]
[BlackElo "2129"]
[PlyCount "104"]
[EventDate "2023.01.27"]
[EventType "swiss"]
[EventRounds "10"]
[EventCountry "RUS"]
[SourceTitle "CBM 212 Extra"]
[Source "ChessBase"]
[SourceDate "2023.03.31"]
[SourceVersion "1"]
[SourceVersionDate "2023.03.31"]
[SourceQuality "1"]

1. Nf3 d5 2. g3 c6 3. Bg2 Bg4 4. c4 e6 5. cxd5 exd5 6. 0-0 Nf6 7. d3 Be7 8. h3 Bxf3 9. Bxf3 Nbd7 10. Nc3 0-0 11. Bg2 Nc5 12. e4 dxe4 13. dxe4 Qxd1 14. Rxd1 Rfd8 15. Be3 Nfd7 16. f4 Nb6 17. Rxd8+ Rxd8 18. Rd1 Rxd1+ 19. Nxd1 f6 20. b3 Kf7 21. Kf1 Ne6 22. Ke2 Bb4 23. Nf2 Nc5 24. Nd3 Nxd3 25. Kxd3 Be1 26. g4 h6 27. a4 Bb4 28. h4 Bd6 29. h5 Nd7 30. Kc4 a6 31. a5 Nf8 32. b4 Ne6 33. f5 Nf8 34. Bf3 Nd7 35. Bd1 Ne5+ 36. Kc3 Ke7 37. Bb6 Nd7 38. Bg1 c5 39. bxc5 Bxc5 40. Bh2 Bd6 41. Bg1 Bg3 42. Kb4 Bd6+ 43. Kc3 Bc7 44. Kb4 Ne5 45. Ba4 Nxg4 46. Bb3 Bd6+ 47. Kc3 Ne5 48. Bd5 Nc6 49. Bxc6 bxc6 50. Kc4 Kd7 51. Be3 Bc7 52. Bd2 Bd6 1/2-1/2

[Event "Cheliabinsk Lozovatsky Memorial-B"]
[Site "Cheliabinsk"]
[Date "2023.01.31"]
[Round "5"]
[White "Kleymenova, Valeria"]
[Black "Khegai, Darya"]
[Result "1-0"]
[WhiteElo "2129"]
[BlackElo "1670"]
[PlyCount "85"]
[EventDate "2023.01.27"]
[EventType "swiss"]
[EventRounds "10"]
[EventCountry "RUS"]
[SourceTitle "CBM 212 Extra"]
[Source "ChessBase"]
[SourceDate "2023.03.31"]
[SourceVersion "1"]
[SourceVersionDate "2023.03.31"]
[SourceQuality "1"]

1. d4 Nf6 2. c4 e6 3. g3 d5 4. Bg2 Be7 5. Nf3 0-0 6. 0-0 dxc4 7. Qa4 a6 8. Qxc4 b5 9. Qc2 Bb7 10. Bd2 Be4 11. Qc1 c6 12. a4 Nbd7 13. Nc3 Bg6 14. Nh4 Bh5 15. axb5 axb5 16. Rxa8 Qxa8 17. Nf3 Bg6 18. Ng5 Nd5 19. e4 Nxc3 20. Qxc3 c5 21. d5 exd5 22. exd5 Bf6 23. Qb3 Qa6 24. Nh3 Re8 25. Bc3 c4 26. Qd1 Bxc3 27. bxc3 Qa3 28. Qc1 Qe7 29. Nf4 Bf5 30. h4 Nc5 31. Qa3 Qc7 32. Rd1 Bd3 33. Ra1 h6 34. Qa5 Re1+ 35. Kh2 Qe5 36. Rxe1 Qxe1 37. Qxb5 Qxf2 38. Qe8+ Kh7 39. Qxf7 Na4 40. Qe7 Nxc3 41. Ne6 Qf6 42. Qxf6 gxf6 43. d6 1-0

[Event "Cheliabinsk Lozovatsky Memorial-B"]
[Site "Cheliabinsk"]
[Date "2023.01.29"]
[Round "3"]
[White "Kleymenova, Valeria"]
[Black "Antonova, Nadezhda"]
[Result "0-1"]
[WhiteElo "2129"]
[BlackElo "1863"]
[PlyCount "132"]
[EventDate "2023.01.27"]
[EventType "swiss"]
[EventRounds "10"]
[EventCountry "RUS"]
[SourceTitle "CBM 212 Extra"]
[Source "ChessBase"]
[SourceDate "2023.03.31"]
[SourceVersion "1"]
[SourceVersionDate "2023.03.31"]
[SourceQuality "1"]

1. d4 Nf6 2. c4 e6 3. g3 d5 4. Bg2 Be7 5. Nf3 0-0 6. 0-0 dxc4 7. Qa4 b6 8. Qxc4 Bb7 9. Nc3 c5 10. Rd1 Nbd7 11. dxc5 Bxc5 12. b4 Bxf2+ 13. Kxf2 Rc8 14. Qd4 Rxc3 15. Ne5 Rc7 16. Bxb7 Rxb7 17. Bb2 Qe8 18. Qh4 Nxe5 19. Bxe5 Qb5 20. Bxf6 Qf5+ 21. Qf4 Qxf6 22. Qxf6 gxf6 23. Rac1 f5 24. Ke3 Kg7 25. Rd6 Kf6 26. Rdc6 Rd8 27. Rc7 Rd7 28. Rxb7 Rxb7 29. b5 Rd7 30. a4 Ke5 31. Rc4 f6 32. Rc6 Rg7 33. Kf3 Kd5 34. h3 Ke5 35. Rc8 Rd7 36. Ke3 Rd4 37. Rc7 Rxa4 38. Rxh7 Ra3+ 39. Kf2 f4 40. g4 Ke4 41. Rh6 e5 42. h4 Rh3 43. h5 Rh2+ 44. Kf1 f3 45. exf3+ Kxf3 46. Rxf6+ Kxg4 47. h6 Kg5 48. Re6 Kf5 49. Rc6 e4 50. Kg1 Rh5 51. Kf2 Kf4 52. Rf6+ Ke5 53. Rg6 Kd4 54. Kg3 e3 55. Kg4 e2 56. Re6 Rxh6 57. Rxe2 Kc4 58. Re5 Rf6 59. Kg3 Rf7 60. Kg2 Kb4 61. Rd5 Ka5 62. Re5 a6 63. bxa6+ Kxa6 64. Kg3 b5 65. Kg2 Ka5 66. Re8 Ka4 0-1